| 000 | 00567cam a22002051 4500 | ||
|---|---|---|---|
| 001 | BD-DhSAU 6019 | ||
| 003 | BD-DhSAU | ||
| 005 | 20150501115613.0 | ||
| 008 | 711209s1953 nyua r 001 0 eng | ||
| 040 | _aBD-DhSAU | ||
| 082 |
_222 _a311 _bCLI |
||
| 100 | 1 |
_aClark, Charles E. _q(Charles Erwin) |
|
| 245 | 1 | 3 |
_aAn introduction to statistics / _cCharles E. Clark. |
| 260 |
_aNew York : _bWiley, _cc1953. |
||
| 300 |
_a266 p. : _bill. ; _c24 cm. |
||
| 440 | 0 | _aWiley publications in statistics | |
| 504 | _aIncludes index. | ||
| 590 | _ajoy | ||
| 650 | 0 | _aStatistics. | |
| 942 |
_2ddc _cBOOK |
||
| 999 |
_c6019 _d6019 |
||